Statistics for Imagine Dragons - BAD LIAR lyrics

Click here to take the quiz!

General Stats

  • This quiz has been taken 157 times
  • The average score is 208 of 283

Answer Stats

HintAnswer% Correct
7 | 25 | 29 | +7 othersa
99%
40 | 42 | 45 | +11 othersI
99%
63 | 65 | 76 | +9 othersliar
97%
62 | 64 | 75 | +9 othersbad
97%
54 | 67 | 70 | +9 othersyou
97%
28 | 60 | 73 | +4 othersI'm
93%
18 | 21 | 40 | +10 othersme
91%
213 | 216 | 222be
88%
48 | 97 | 147in
85%
38 | 49 | 119 | +3 othersthe
84%
53 | 152 | 217what
84%
3 | 88 | 116 | 124my
84%
79 | 188 | 201 | +2 othersNow
84%
66 | 69 | 191 | 239now
84%
51 | 150tell
82%
55 | 154see
82%
49 | 54 | 170 | 176it
82%
46 | 145look
81%
68 | 71 | 81 | +6 othersknow
81%
84 | 126 | 206 | +2 othersto
81%
19 | 22 | 41 | 44darlin'
81%
9 | 27year
81%
56 | 178your
80%
56 | 155Perfect
79%
50 | 149eyes
79%
12 | 46 | 167don't
79%
20trust
78%
17 | 39 | 42Trust
78%
85 | 207 | 255go
77%
6 | 24 | 103 | +3 othersbeen
77%
57 | 156paradise
77%
23It's
76%
5it's
76%
8difficult
75%
83 | 205 | 253free
73%
4dear
73%
50Wish
72%
2hush
72%
43 | 52 | 164 | 174could
72%
41 | 162 | 172wish
72%
45 | 144So
72%
14 | 118on
71%
59 | 158at
71%
1 | 101 | 106 | +3 othersOh
70%
59 | 181But
69%
58tearin
68%
223 | 228Believe
68%
44 | 165escape
68%
157tearin'
68%
58 | 180 | 258 | 261believe
68%
10And
66%
36and
66%
33fears
65%
82 | 252you're
64%
204You're
64%
38tears
63%
53 | 175erase
61%
55 | 177make
60%
57 | 179heart
60%
32three
60%
47 | 168wanna
59%
15innocent
59%
30man
59%
31of
57%
13prey
57%
16victims
55%
35faith
54%
26loveless
54%
72 | 194 | 242That
53%
48 | 169fake
53%
39 | 160seams
53%
37crocodile
52%
11terrors
52%
219want
47%
92 | 226one
46%
34Integrity
45%
100ring
43%
89dreams
42%
104 | 109 | 134 | 139askin'
41%
99diamond
40%
102 | 107 | 131 | 137I've
40%
111 | 112 | 113 | +3 othersproblems
40%
87all
40%
93thing
40%
96lie
39%
105 | 110 | 135 | 140for
39%
209 | 212 | 215can't
34%
90never
33%
95happines
32%
225this
31%
91mean
31%
94Does
30%
129side
28%
117war
28%
125gun
25%
227time
24%
128enemy's
23%
115wage
23%
86Did
23%
257 | 260Please
23%
123take
22%
210breathe
21%
121inside
20%
120world
19%

Score Distribution

Percentile by Number Answered

Percent of People with Each Score

Your Score History

You have not taken this quiz